LEADER 00951nam a2200229 4500 001 000000356886 003 CaOOAMICUS 005 20240122154104.0 008 240122s1989 xxu 000 u eng r 040 $aSeMil$bita 245 00$aCelebration on the feast of St. Francis of Assisi :$bSeptember 30, 1989 /$cPermanent Diaconate, Archdiocese of Chicago. 264 1$a[S.l. :$bs.n.],$c1989. 300 $a1 v. :$bill. ;$c22 cm 546 $aInglese 650 4$aDiaconato permanente.$0(OLS)http://semarc/subject/8044 710 0 $aChicago .$0(OLS)http://semarc/name/118985 850 $aSeMil 852 $aSeMil$W1$xVenegono$y1$m5C IV 7/8$j245574$B248077$CSeMilBibl$Z2$F248077 $81 961 $aCitrini don Tullio - omaggio. 996 $6245$aCelebration on the feast of St. Francis of Assisi :$bSeptember 30, 1989$9(OLS)http://semarc/title/447109 996 $6264$a[S.l. :$bs.n.]$9(OLS)http://semarc/publisher/29751 LEADER 01299nam a2200277 i 4500 001 000000064048 003 CaOOAMICUS 005 20220520104423.0 008 070920s1966 it u000 u ita u 013 $a35220 040 $aSeMil$bita 100 1 $aRousseau, Jean-Jacques,$d<1712-1778>.$0(OLS)http://semarc/name/1179 240 10$aÉmile, ou De l'éducation.$0(OLS)http://semarc/title/323047 245 10$aEmilio o dell'educazione /$cG. G. Rousseau ; Introduzione e note di Mario Casotti Professore di Pedagogia all'Università Cattolica di Milano ; Traduzione di Dina Mc, Arthur Rebucci. 250 $a12. ed. 264 1$aBrescia :$bLa Scuola,$c1966. 300 $a344 p. ;$c19 cm. 650 4$aRousseau, Jean-Jacques <1712-1778> . Émile.$0(OLS)http://semarc/subject/485 650 4$aFilosofia - Testi - Sec. 18.$0(OLS)http://semarc/subject/50 700 1 $aMcArthur Rebucci, Dyna.$0(OLS)http://semarc/name/20620 700 1 $aCasotti, Mario,$d<1924-1975>.$0(OLS)http://semarc/name/2109 850 $aSeMil 852 $aSeMil$W1$xVenegono$y1$m1H V 10$j30201$B30201$CSeMilBibl$Z2$F30204 $81 996 $6245$aEmilio o dell'educazione$9(OLS)http://semarc/title/101281 996 $6264$aBrescia :$bLa Scuola$9(OLS)http://semarc/publisher/29831